Nexus between citizens’ trust and good governance in public institutions of South Asia (Record no. 528688)

000 -LEADER
fixed length control field 01612nam a22001457a 4500
008 - FIXED-LENGTH DATA ELEMENTS--GENERAL INFORMATION
fixed length control field 250103b ||||| |||| 00| 0 eng d
100 ## - MAIN ENTRY--PERSONAL NAME
Personal name Ferdous, Jannatul
245 ## - TITLE STATEMENT
Title Nexus between citizens’ trust and good governance in public institutions of South Asia
260 ## - PUBLICATION, DISTRIBUTION, ETC. (IMPRINT)
Place of publication, distribution, etc Indian Journal of Public Administration
300 ## - PHYSICAL DESCRIPTION
Extent 70(4), Dec, 2024: p.715-727
520 ## - SUMMARY, ETC.
Summary, etc Public institutions are essential for executing government policies. Citizens’ trust in public institutions is a crucial factor to consider when assessing the state of democracy. Working processes, trends, organisational principles, neutrality, approaches and impartiality are also used to assess an institution’s trustworthiness. Failing to satisfy any of these indicators can create distrust. Good governance is essential for every country to move forward and attain its development goals. For most countries in South Asia, governance is not in a good condition, with government institutions struggling to perform satisfactorily. In this situation, distrust may be fostered among citizens with limited conviction in democracy and diminish the reliability of public institutions. By taking these issues into account, this article uses secondary literature to evaluate the level of trust in the public institutions of South Asian States with a distinct emphasis on good governance.- Reproduced

https://journals.sagepub.com/doi/full/10.1177/00195561241248140
650 ## - SUBJECT ADDED ENTRY--TOPICAL TERM
Topical term or geographic name as entry element Trust, Good governance, Public institutions, Democracy, South Asia.
9 (RLIN) 49669
773 ## - HOST ITEM ENTRY
Main entry heading Indian Journal of Public Administration
942 ## - ADDED ENTRY ELEMENTS (KOHA)
Item type Articles
Holdings
Withdrawn status Lost status Source of classification or shelving scheme Damaged status Not for loan Permanent location Current location Date acquired Serial Enumeration / chronology Barcode Date last seen Koha item type
          Indian Institute of Public Administration Indian Institute of Public Administration 2025-01-03 70(4), Dec, 2024: p.715-727 AR134083 2025-01-03 Articles

Powered by Koha